000 00504nam a2200205Ia 4500
001 5442
003 GE_BSU
008 181216s||||||||xx |||||||||||||| ||und||
040 _cGE_BSU
080 _a514
100 _aДемьянов, В.П
245 _aГеометрия и Марсельеза
250 _a2-е изд
260 _aМосква
260 _bЗнание,
260 _c1986
300 _a254 с.20 см.
653 _aГеометрия и Марсельеза
942 _cBK
999 _c38980
_d38980